| 000 | 01123nam a22003497a 4500 | ||
|---|---|---|---|
| 001 | BR2019000231 | ||
| 003 | BR-BrBNA | ||
| 005 | 20230928105411.0 | ||
| 007 | ta | ||
| 008 | 230509b bl.||||| |||| 00| 0 por d | ||
| 020 | _a978-85-7035-336-8 | ||
| 040 |
_aBR-BrBNA _bpor _cBiblioteca Nacional de Agricultura |
||
| 041 | _a(Por) | ||
| 072 | _aA01; B50 | ||
| 090 | _ A01 BR2019000231 | ||
| 100 | 1 | _aBuainain, A.M. (ed.) | |
| 100 | 1 | _aAlves, E. (ed.) | |
| 100 | 1 | _aSilveira, J.M. da (ed.) | |
| 100 | 1 | _aNavarro, Z. (ed.) | |
| 110 | 1 |
_aEMBRAPA Estudos e Capacitação, Brasília, DF (Brasil) _93611 |
|
| 110 | 1 |
_aUniversidade Estadual de Campinas, SP (Brasil). Inst. de Economia _910638 |
|
| 245 | 1 | _aO mundo rural no Brasil do século 21; a formação de um novo padrão agrário e agrícola | |
| 250 | 1 | _a1. ed. | |
| 260 | 3 |
_aBrasília, DF (Brasil): _c2014. |
|
| 300 | _a1182 p. | ||
| 500 | _aIncludes several bibliographies; 19 illus.; 87 graphs; 145 tables | ||
| 650 | _aAGRICULTURA | ||
| 650 | _aHISTÓRIA | ||
| 650 | _aECONOMIA AGRÍCOLA | ||
| 909 |
_a202309 _bLucia _c55 _dLucia Elande |
||
| 942 | _cBK | ||
| 999 |
_c84979 _d84979 |
||